00191nam a2200061 4500100002100000245007900021260002900100 a Dilhan Danushka aIn Silico designing of natural product based inhibitors for AChE and BUChE aRajagiriyabICHEMCc2018